000 00325nam a22001457a 4500
008 210303b ||||| |||| 00| 0 eng d
020 _a9781269810135
041 _aeng
080 _a94
082 _294
100 _a16
101 _aHIS
245 _aEngligtenment and Romanticism Humanities
_cPearson
942 _2udc
_cBK
999 _c55603
_d55603